K vybranej problematike odpisov

Bibliographic Details
Format: Article
Language:Slovak
ISSN:1335-0714
Subjects:

MARC

LEADER 00000nab a2200000 a 4500
001 vtls000714018
003 SK-MaSNL
005 20260302194223.0
008 180205c2000 xo 0 slo
015 |a SNBRB2000/02-05990 
035 |a CLN000066185 
040 |a SNKBUCL  |b slo  |c SNKBUCL  |e AACR2 
041 0 |a slo 
044 |a xo  |c SK 
080 |a 336.2.027.55  |2 UDC-MRF-SK2 
245 0 0 |a K vybranej problematike odpisov 
650 0 7 |a daňové odpisy  |2 snkbucl  |9 69962 
655 7 |a články z novín a časopisov  |2 snkbucl  |9 267496 
773 0 |x 1335-0714  |t Ekonomický a právny poradca podnikateľa  |g Č. 1 (2000), s. 18-21 
850 |a Slovenská národná knižnica v Martine 
852 |a SNK  |b KIS3GCP 
958 |a RBX 
999 |c 1447813  |d 1449743